000 00895 a2200205 4500
999 _c539
_d539
020 _a9780198780717
050 0 0 _aD843 GAD 1997
100 1 _aGaddis, John Lewis.
245 1 0 _aWe now know :
_brethinking Cold War history /
_cJohn Lewis Gaddis.
264 _aOxford:
_bOxford University Press,
_c1997
300 _ax, 425 p. ;
500 _a"A Council on Foreign Relations book."
504 _aIncludes bibliographical references (p. [387]-413) and index.
650 0 _aCold War.
856 4 2 _3Book review (H-Net)
_uhttp://www.h-net.org/review/hrev-a0a5v6-aa
856 4 2 _3Publisher description
_uhttp://www.loc.gov/catdir/enhancements/fy0637/97156063-d.html
856 4 2 _3Contributor biographical information
_uhttp://www.loc.gov/catdir/enhancements/fy0724/97156063-b.html
942 _2lcc
_cBK
_h843
_iGAD
_kD